000 03672cam a22006014i 4500
003 PE-LiUPU
005 20250731173354.0
008 150706s1976 ag r 000 0 spa d
035 _a(Sirsi) a48871
040 _aPE-LiUPU
_bspa
_cPE-LiUPU
_erda
049 _aPRUA
082 0 4 _a286.7325
_bT
_221
100 1 _aWhite, Elena G. de,
_eautor.
245 1 3 _aLa temperancia :
_bobra de la pluma inspirada por el espíritu de profecía, utilísima para una correcta comprensión de la temperancia, su significado y su aplicación práctica en la vida cristiana /
_cElena G. de White.
264 1 _aBuenos Aires :
_bAsociación Casa Editora Sudamericana,
_c1976.
300 _a259 páginas ;
_c18 centímetros
336 _atext
_2rdacontent
337 _aunmediated
_2rdamedia
338 _avolume
_2rdacarrier
505 0 _aLa filosofía de la intemperancia -- El alcohol y la sociedad -- El tabaco -- Otros estimulantes y drogas -- Bebidas embriagantes más suaves -- Principios activos de una vida renovada -- La rehabilitación del intemperante -- Nuestra amplia plataforma de temperancia -- La colocación del fundamento de la intemperancia -- Medidas preventivas -- Nuestra relación con otras organizaciones de temperancia -- La exhortación de la hora.
526 _aSEG42
526 _aSEG41
526 _aSEG40
526 _aSEG39
526 _aP94
526 _aP87
526 _aP86
526 _aP85
526 _aP77
526 _aP76
526 _aP35
541 _g001000262;
541 _g001-0000525;
541 _g001000262;
541 _g001000262;
650 0 4 _aTemperancia.
650 0 4 _aSobriedad.
910 _bjv
_clch
_d20100905
942 _2ddc
_cBOOK
949 _a286.7325 T
_wDEWEY
_c1
_i62048
_lCCODEBUL1
_mBUL
_p09.00
_r0
_sY
_tLIBRO
_u2015-07-06
_xBIBLIOTECA
_zUNKNOWN
_o.STAFF. Colección General
949 _a286.7325 T
_wDEWEY
_c2
_i62863
_lCCODEBUL1
_mBUL
_p00.00
_r0
_sY
_tLIBRO
_u2015-07-06
_xBIBLIOTECA
_zUNKNOWN
_o.STAFF. Colección General
949 _a286.7325 T
_wDEWEY
_c3
_i63349
_lCCODEBUL1
_mBUL
_p12.00
_r0
_sY
_tLIBRO
_u2015-07-06
_xTEOLOGIA
_PP35
_o.STAFF. Colección General
949 _a286.7325 T
_wDEWEY
_c4
_i62046
_lCCODEBUL1
_mBUL
_p09.00
_r0
_sY
_tLIBRO
_u2015-07-06
_xBIBLIOTECA
_zUNKNOWN
_o.STAFF. Colección General
949 _a286.7325 T
_wDEWEY
_c5
_i62047
_lCCODEBUL1
_mBUL
_p09.00
_r0
_sY
_tLIBRO
_u2015-07-06
_xBIBLIOTECA
_zUNKNOWN
_o.STAFF. Colección General
994 _aC0
_bPEPRU
596 _a1
999 _a286.7325 T
_wDEWEY
_c51156
_i62048
_lLOST
_mBUL
_p9.00
_r1
_sY
_tBOOK
_u2015-7-6
_xBIBLIOTECA
_zUNKNOWN
_o.STAFF. Colección General
_d51156
999 _a286.7325 T
_wDEWEY
_c2
_i62863
_d2022-7-6
_e2022-7-4
_f2021-11-11
_g5
_lCCODEBUL1
_mBUL
_n19
_p10.00
_q5
_r0
_sY
_tBOOK
_u2015-7-6
_xTEOLOGIA
_PP35
_o.STAFF. Colección Teología
999 _a286.7325 T
_wDEWEY
_c3
_i63349
_lLOST
_mBUL
_p12.00
_r1
_sY
_tBOOK
_u2015-7-6
_xTEOLOGIA
_PP35
_o.STAFF. Colección General
999 _a286.7325 T
_wDEWEY
_c4
_i62046
_lLOST
_mBUL
_p9.00
_r1
_sY
_tBOOK
_u2015-7-6
_xBIBLIOTECA
_zUNKNOWN
_o.STAFF. Colección General
999 _a286.7325 T
_wDEWEY
_c5
_i62047
_d2015-12-17
_e2015-12-17
_kCHECKEDOUT
_lLOST
_mBUL
_n1
_p9.00
_rM
_sY
_tBOOK
_u2015-7-6
_xBIBLIOTECA
_zUNKNOWN
_o.STAFF. Colección General
980 _81
_gALBERTO SANCHEZ Responsable de Automatización